| 000 | 00794nam a2200253Ia 4500 | ||
|---|---|---|---|
| 003 | GCL | ||
| 008 | 140319s9999 xx 000 0 ara d | ||
| 040 |
_aGCL / _cGCL |
||
| 082 | 0 | 4 |
_a551.5 _bف غ |
| 100 | 1 | _aفيرور، جون | |
| 245 | 1 | 0 |
_aالغلاف الجوى: التحدى بين الطبيعة والبشر / _cفيرور، جون |
| 700 | 1 | _aاحمد مدحت اسلام | |
| 260 |
_a[S.N] : _bمركز الاهرام للترجمة والنشر ، _c1992 |
||
| 300 | _a198 ص | ||
| 490 | _a | ||
| 650 | 0 | 4 | _aالعلم |
| 650 | 0 | 4 | _aالغلاف الجوى |
| 650 | 0 | 4 | _aالغلاف الجوى الكيميائى |
| 650 | 0 | 4 | _aالاوزان |
| 650 | 0 | 4 | _aالظواهر الجوية |
| 650 | 0 | 4 | _aالاكسجين |
| 650 | 0 | 4 | _aاضطرابات |
| 942 |
_2ddc _cBK |
||
| 999 |
_c29454 _d29454 |
||